Pericles, príncipe de Tiro /

Es la primera obra del ciclo final que culminaría con La tempestad, en el que reina el mundo de lo maravilloso propio de los libros de aventuras (romances) sobre el trasfondo de los mitos esenciales de la experiencia humana (nacimiento y muerte, amor y pérdida, sufrimiento y regeneración).

Bibliographic Details
Main Author: Shakespeare, William 1564-1616
Format: Libro
Language:Spanish
Published: Buenos Aires Losada 2004
Series:Clásicos Losada 680
Subjects:
Online Access:

MARC

LEADER 00000cam a2200000 a 4500
001 021055
003 UAHC_CL
005 20170803121942.0
008 121002s2004 ag 000 d spa
020 |a 9500306255 
040 |a UAHC_CL  |c UAHC_CL  |d UAHC_CL 
082 0 4 |a 822.33  |b S527  |2 20 
100 1 |a Shakespeare, William  |d 1564-1616 
245 1 0 |a Pericles, príncipe de Tiro /  |c William Shakespeare ; introducción, traducción y notas de Pablo Ingberg. 
260 |b Losada  |a Buenos Aires  |c 2004 
300 |a 240 p. 
490 0 |a Clásicos Losada  |v 680 
520 |a Es la primera obra del ciclo final que culminaría con La tempestad, en el que reina el mundo de lo maravilloso propio de los libros de aventuras (romances) sobre el trasfondo de los mitos esenciales de la experiencia humana (nacimiento y muerte, amor y pérdida, sufrimiento y regeneración). 
650 4 |a DRAMAS INGLESES 
653 |a ACTUACION TEATRAL 
900 |a 822.33 SHAN 
942 |c BK 
952 |0 0  |1 0  |4 0  |6 822_330000000000000_SHAN  |7 0  |8 General  |9 41975  |a BS  |b BS  |c General  |d 2017-08-03  |l 1  |o 822.33 SHAN  |p 1401619  |r 2025-11-26 00:00:00  |s 2022-11-28  |t 1  |w 2017-08-03  |y BK 
952 |0 0  |1 0  |4 0  |6 822_330000000000000_SHAN  |7 0  |8 General  |9 41976  |a BS  |b BS  |c General  |d 2017-08-03  |l 0  |o 822.33 SHAN  |p 1401620  |r 2025-11-26 00:00:00  |t 2  |w 2017-08-03  |y BK 
999 |c 21055  |d 21055